banner-ar

LE DROIT ANTISEMITE DE VICHY / (Record no. 15577)

MARC details
000 -الفاتح
حقل البيانات ثابتة الطول 00397nam a2200169Ia 4500
008 - عناصر البيانات ثابتة الطول - معلومات عامة
حقل البيانات ثابتة الطول 140319s9999 xx 000 0 eng d
040 ## - مصدر الفهرسة
وكالة الفهرسة الأصلية GCL /
وكالة النسخ GCL
082 04 - رقم تصنيف ديوى العشرى
رقم التصنيف 296
رقم المادة S D
100 1# - المدخل الرئيسى - إسم شخصى
الإسم الشخصى SEUIL
245 10 - بيان العنوان
العنوان LE DROIT ANTISEMITE DE VICHY /
بيان المسئوليه,etc SEUIL
260 ## - PUBLICATION, DISTRIBUTION, ETC. (IMPRINT)
تاريخ النشر أو التوزيع 1996
300 ## - الوصف المادى
التعداد 612
650 04 - المدخل الاضافى بالموضوع-مصطلح موضوعى
مصطلح موضوعي JUDICIAL PROCESS
650 04 - المدخل الاضافى بالموضوع-مصطلح موضوعى
مصطلح موضوعي JUDAISM
942 ## - عناصر المدخل الإضافي( كوها)
مصدر التصنيف او مخطط الترفيف Dewey Decimal Classification
Koha [default] item type كتاب
260 ## - PUBLICATION, DISTRIBUTION, ETC. (IMPRINT)
-- [S.N] :
-- SEUIL ،
Holdings
حالة التراجع حالة الفقد حالة تلف ليس للاعارة المكان المؤقت الموقع الحالى تاريخ الاكتساب اجمالي اﻻعارات رقم الطلب الباركود تاريخ اخر مشاهدة تاريخ تفعيل السعر نوع وعاء كوها
        مكتبة القاهرة الكبرى مكتبة القاهرة الكبرى 03/26/2014   296\S D 28801 03/26/2014 03/26/2014 كتاب

Powered By

EGPV